Effect of aluminium powder on filled natural rubber composites (Record no. 57686)
[ view plain ]
| 000 -LEADER | |
|---|---|
| fixed length control field | 01570nam a2200181Ia 4500 |
| 100 ## - MAIN ENTRY--AUTHOR NAME | |
| Personal name | Vinod V S |
| 245 #0 - TITLE STATEMENT | |
| Title | Effect of aluminium powder on filled natural rubber composites |
| 260 ## - PUBLICATION, DISTRIBUTION, ETC. (IMPRINT) | |
| Name of publisher | Rubber Chemistry and Technology |
| Year of publication | 2001 |
| 300 ## - PHYSICAL DESCRIPTION | |
| Number of Pages | 236-248 |
| 520 ## - SUMMARY, ETC. | |
| Summary, etc | The effect of aluminium powder on the properties of natural rubber composites containing high abrasion furnace black (HAF), general purpose furnace black (GPF), acetylene black, china clay and precipitated silica was studied. In all cases the total filler content including aluminium powder is fixed at 40 parts per hundred rubber (phr). Gradual replacement of these fillers by aluminium powder showed a marked increase in thermal conductivity. This increased thermal conductivity of aluminium powder filled composites decreased the vulcanization time and led to uniform curing throughout the material especially for thick articles. Mechanical properties like tensile strength, tear strength, rebound resilience, heat build-up, hardness, compression set, etc, are comparatively better for these composites. Aluminium powder incorporated vulcanisates also showed good resistance against thermal aging and oxidative degradation. Thus, use of aluminium powder in rubber compounds can lead to energy saving in the vulcanization of thick rubber articles and enhance the service life of such rubber products. |
| 650 ## - SUBJECT ADDED ENTRY--TOPICAL TERM | |
| Topical Term | Aluminium powder |
| 650 ## - SUBJECT ADDED ENTRY--TOPICAL TERM | |
| Topical Term | NR composites |
| 700 ## - ADDED ENTRY--PERSONAL NAME | |
| Personal name | Alex R |
| 700 ## - ADDED ENTRY--PERSONAL NAME | |
| Personal name | Kuriakose B |
| 700 ## - ADDED ENTRY--PERSONAL NAME | |
| Personal name | Varghese S |
| 942 ## - ADDED ENTRY ELEMENTS (KOHA) | |
| Koha item type | Journals |
| Withdrawn status | Lost status | Damaged status | Not for loan | Home library | Current library | Shelving location | Date acquired | Serial Enumeration / chronology | Koha item type |
|---|---|---|---|---|---|---|---|---|---|
| Journals | RRII Library | RRII Library | Rubber chemistry | 17/12/2021 | Volume 74, Issue 2 | Journals |